Quiz sul Re leone - Statistics

Statistiche generali
  • Questo quiz è stato fatto 21 volte
  • Il punteggio medio è 6 su 13
Statistiche sulle risposte
Domanda Risposta % Corretto
Chi è suo padre? Mufasa
100%
da chi è morto Mufasa? Scar
100%
Come si chiama il protagonista? Simba
94%
Dove si svolge la storia? Africa
89%
Qual è il sogno di Simba? Diventare re
61%
come si chiama la scimmia saggia? Rafiki
50%
Chi è l'uccello aiutante di Simba nel film? Zazu
44%
come si chiama la figlia di Simba? Kiara
28%
Come si chiama il monte dove si scontra Simba? Rupe dei re
22%
chi sono gli aiutanti di Simba? Timon e Pumbaa
22%
da chi viene ucciso Scar? Le iene e fuoco
6%
Chi aiutano Scar? Shenzi,Banzai e Ed
6%
Chi è l'antagonista? Taka (Scar)
6%
Nessun quiz corrispondente trovato
Distribuzione punteggi
Percentuale di utenti per punteggio
Percentile per numero di risposta
I tuoi punteggi nel tempo
Non hai fatto questo quiz